Gaming Quiz

Random Gaming or Pokémon Quiz
Score 0/13 Timer 02:00
0 Plays Today
% Correct
Pidgeot
98.9%
Pidgeot
98.9%
Pidgey
97.9%
Pidgey
97.9%
Pidgeotto
96.8%
Pidgeotto
96.8%
Noctowl
82.4%
Hoothoot
81.4%
Dodrio
76.1%
Staraptor
76.1%
Swellow
75.5%
Pelipper
50%
Honchkrow
42%
Remove Ads.
Support Sporcle.
Get the best of Sporcle when you Go Orange. This ad-free experience offers more features, more stats, and more fun while also helping to support Sporcle. Thank you for becoming a member.

You're not logged in!

Compare scores with friends on all Sporcle quizzes.
OR
Log In

Show Comments

Extras

Created Oct 30, 2010ReportNominate
Tags:Pokémon Quiz

Top Quizzes Today


Score Distribution

Your Account Isn't Verified!

In order to create a playlist on Sporcle, you need to verify the email address you used during registration. Go to your Sporcle Settings to finish the process.

Report this User

Report this user for behavior that violates our Community Guidelines.

Details: